Stati per produzione di barbabietole da zucchero - Statistics

Statistiche generali
  • Questo quiz è stato fatto 11 volte
  • Il punteggio medio è 12 su 15
Statistiche sulle risposte
Continente Produzione (tonnellate) Stato % Corretto
Europa 33 794 906 Francia
100%
Europa 25 497 200 Germania
100%
Europa 13 523 781 Polonia
100%
Asia / Europa 51 336 830 Russia
100%
America del Nord 33 457 880 Stati Uniti
100%
Asia / Europa 19 465 452 Turchia
100%
Africa 13 323 369 Egitto
89%
Europa 5 502 200 Paesi Bassi
78%
Europa 14 011 450 Ucraina
78%
Asia 8 095 759 Cina
67%
Africa 4 218 923 Marocco
67%
Europa 5 687 000 Regno Unito
67%
Europa 4 278 359 Bielorussia
56%
Asia 5 536 914 Iran
56%
Europa 4 118 356 Repubblica Ceca
56%
Nessun quiz corrispondente trovato
Distribuzione punteggi
Percentuale di utenti per punteggio
Percentile per numero di risposta
I tuoi punteggi nel tempo
Non hai fatto questo quiz